Todos los hombres son mortales / (Record no. 31532)

MARC details
000 -LEADER
campo de control de longitud fija 00664nam a2200205 i 4500
001 - NÚMERO DE CONTROL
campo de control 31532
003 - IDENTIFICADOR DE NÚMERO DE CONTROL
campo de control ES-MaACL
005 - FECHA Y HORA DE LA ÚLTIMA TRANSACCIÓN
campo de control 20230906154410.0
007 - CAMPO FIJO DE DESCRIPCIÓN FÍSICA--INFORMACIÓN GENERAL
campo de control de longitud fija t|
008 - DATOS DE LONGITUD FIJA--INFORMACIÓN GENERAL
campo de control de longitud fija 030129s1956 sp ||||1| spa d
100 0# - ENTRADA PRINCIPAL--NOMBRE DE PERSONA
Nombre de persona Beauvoir, Simone de,
Fechas asociadas al nombre 1908-1986
9 (RLIN) 26850
245 10 - MENCIÓN DEL TÍTULO
Título Todos los hombres son mortales /
Mención de responsabilidad, etc. Simone de Beauvoir ; traducción de Silvina Bullrich.
260 ## - PUBLICACIÓN, DISTRIBUCIÓN, ETC.
Lugar de publicación, distribución, etc. Barcelona :
Nombre del editor, distribuidor, etc. E.D.H.A.S.A.,
Fecha de publicación, distribución, etc. [1956] (
Fabricante Vda. de Manuel Ponsa)
300 ## - DESCRIPCIÓN FÍSICA
Extensión 392 p. ;
Dimensiones 18 cm.
490 1# - MENCIÓN DE SERIE
Mención de serie Colección cobra
700 1# - ENTRADA AGREGADA--NOMBRE PERSONAL
Nombre de persona Bullrich, Silvina.
9 (RLIN) 32526
830 0# - PUNTO DE ACCESO ADICIONAL DE SERIE-TÍTULO UNIFORME
Título uniforme Colección cobra
9 (RLIN) 229374
852 ## - LOCALIZACIÓN
Ubicación ES-MaACL
Número de control de estantería C-11068
Sublocalización o colección R.39086
Holdings
Estatus retirado Estado de pérdida Estado de daño No para préstamo Biblioteca de origen Biblioteca actual Ubicación en estantería Fecha de adquisición Fuente de adquisición Total de préstamos Signatura topográfica completa Código de barras Visto por última vez Precio de reemplazo Tipo de ítem Koha
        Biblioteca del Ateneo de Madrid Biblioteca del Ateneo de Madrid Sala Palomar 17/01/2008     C-11068 1032586 23/02/2023 23/02/2023 Libro impreso